マーケッターのための戦略書:AIビジネスへの布石

Shranjeno v:
Bibliografske podrobnosti
Korporativna značnica: BCN・AI取材班
Format: Knjiga
Jezik:Undetermined
Izdano: 東京 コンピュータ・ニュース社 1987
Teme:
Oznake: Označite
Brez oznak, prvi označite!
Thư viện lưu trữ: Trung tâm Học liệu Trường Đại học Cần Thơ
LEADER 00551nam a2200181Ia 4500
001 CTU_80723
008 210402s9999 xx 000 0 und d
082 |a 658.155 
082 |b B364 
110 |a BCN・AI取材班 
245 0 |a マーケッターのための戦略書:AIビジネスへの布石 
245 0 |c BCN・AI取材班 
260 |a 東京 
260 |b コンピュータ・ニュース社 
260 |c 1987 
650 |a Enginerring Economy 
904 |i Ngoc,Hải 
980 |a Trung tâm Học liệu Trường Đại học Cần Thơ